[Event "76. LJUBLJANSKA SAHOVSKA LIGA 2024"]
[Site "gostovanja"]
[Date "2024.01.18"]
[Round "1.1"]
[White "Osolin, Bogdan"]
[Black "Hiti, Domen"]
[Result "0-1"]
[WhiteElo "1916"]
[BlackElo "2241"]
[PlyCount "32"]
[EventDate "2024.01.18"]
[WhiteTeam "SD CRNI GRABEN"]
[BlackTeam "SK IG"]

1. g4 d5 2. Bg2 c6 3. c4 dxc4 4. h3 h5 5. g5 g6 6. Be4 Be6 7. Na3 Bd5 8. Bf3 e5
9. e4 Be6 10. h4 Nd7 11. Qc2 b5 12. b3 Nc5 13. bxc4 Qd4 14. Qc3 Nd3+ 15. Ke2
Qxc3 16. dxc3 Nxc1+ 0-1

[Event "76. LJUBLJANSKA SAHOVSKA LIGA 2024"]
[Site "gostovanja"]
[Date "2024.01.18"]
[Round "1.1"]
[White "Janzelj, Lara"]
[Black "Hribar, Janez"]
[Result "1-0"]
[WhiteElo "2167"]
[BlackElo "1868"]
[PlyCount "65"]
[EventDate "2024.01.18"]
[WhiteTeam "SK IG"]
[BlackTeam "SD CRNI GRABEN"]

1. d4 Nf6 2. c4 e6 3. Nf3 c5 4. d5 exd5 5. cxd5 g6 6. Nc3 d6 7. e4 Bg7 8. h3 a6
9. a4 O-O 10. Bg5 Re8 11. Bd3 Nbd7 12. O-O h6 13. Be3 Rb8 14. Nd2 Ne5 15. Be2
g5 16. f4 gxf4 17. Bxf4 Nfd7 18. Qe1 Qe7 19. Qg3 Kh8 20. Nd1 Rg8 21. Ne3 Nf8
22. Qf2 Nfg6 23. Bg3 f6 24. Nf5 Bxf5 25. Qxf5 Qc7 26. Bh5 Ne7 27. Qe6 Rgf8 28.
Bxe5 fxe5 29. Nc4 b5 30. Nxd6 Rb6 31. Rxf8+ Bxf8 32. Nf7+ Kg7 33. d6 1-0

[Event "76. LJUBLJANSKA SAHOVSKA LIGA 2024"]
[Site "gostovanja"]
[Date "2024.01.18"]
[Round "1.1"]
[White "Majcen, Zoran"]
[Black "Rozic, Samo"]
[Result "0-1"]
[WhiteElo "1797"]
[BlackElo "2135"]
[PlyCount "58"]
[EventDate "2024.01.18"]
[WhiteTeam "SD CRNI GRABEN"]
[BlackTeam "SK IG"]

1. d4 e6 2. e4 d5 3. exd5 exd5 4. Bd3 Nc6 5. c3 Bd6 6. Qf3 Nge7 7. Bf4 Be6 8.
Nd2 Ng6 9. Bxd6 Qxd6 10. Qg3 Nf4 11. Ne2 Nxd3+ 12. Qxd3 O-O-O 13. O-O-O Na5 14.
Qb5 b6 15. g3 Rhe8 16. Rhe1 c6 17. Qa6+ Kb8 18. Nf4 Bf5 19. b4 Nb7 20. Ng2 g5
21. Ne3 Bg6 22. Kb2 Qf6 23. Rf1 Nd6 24. a4 Rc8 25. Ng4 Qf5 26. Ne3 Rxe3 27.
fxe3 Qc2+ 28. Ka3 Qxc3+ 29. Ka2 Bd3 0-1

[Event "76. LJUBLJANSKA SAHOVSKA LIGA 2024"]
[Site "gostovanja"]
[Date "2024.01.18"]
[Round "1.1"]
[White "Rozic, Adrijan"]
[Black "Vidergar, Milan"]
[Result "1/2-1/2"]
[WhiteElo "2014"]
[BlackElo "1489"]
[PlyCount "64"]
[EventDate "2024.01.18"]
[WhiteTeam "SK IG"]
[BlackTeam "SD CRNI GRABEN"]

1. e4 Nf6 2. e5 Nd5 3. d4 e6 4. Nf3 d6 5. c3 Bd7 6. Bd3 Nc6 7. O-O h6 8. Qe2
Qe7 9. Na3 g5 10. exd6 cxd6 11. g3 a6 12. Nc4 b5 13. Ne3 Nf6 14. Re1 Bg7 15.
Qc2 Rc8 16. Nf5 Qf8 17. Qe2 Kd8 18. Ne3 Ne8 19. a4 Nc7 20. axb5 axb5 21. Bxb5
f5 22. d5 exd5 23. Nc2 Qf7 24. Bxc6 Re8 25. Qd1 Rxe1+ 26. Qxe1 Bxc6 27. Nfd4
Bd7 28. Qe3 Be5 29. f4 gxf4 30. gxf4 Bf6 31. Bd2 Ne6 32. Nxe6+ Qxe6 1/2-1/2

[Event "76. LJUBLJANSKA SAHOVSKA LIGA 2024"]
[Site "gostovanja"]
[Date "2024.01.18"]
[Round "1.2"]
[White "Stevanic, David"]
[Black "Benko, Bostjan"]
[Result "1-0"]
[WhiteElo "2294"]
[BlackElo "1835"]
[PlyCount "77"]
[EventDate "2024.01.18"]
[WhiteTeam "SD KOCEVJE"]
[BlackTeam "SK ZAGORJE OB SAVI"]

1. e4 e5 2. Nf3 Nc6 3. Bc4 Bc5 4. c3 Nf6 5. d3 d6 6. a4 a6 7. O-O O-O 8. Bg5 h6
9. Bh4 Qe7 10. Nbd2 Ba7 11. Re1 Be6 12. Bd5 Nd8 13. d4 c6 14. dxe5 dxe5 15.
Bxe6 Qxe6 16. Bg3 Bb8 17. a5 Nh5 18. Nxe5 Nxg3 19. Nec4 Nf5 20. exf5 Qxf5 21.
Nb6 Ra7 22. Ndc4 Ne6 23. Qd7 Qg5 24. Qd3 Nf4 25. Qf3 Bc7 26. g3 Nd5 27. Nxd5
cxd5 28. h4 Qf6 29. Qxd5 b5 30. Ne3 Rd8 31. Qc5 Bb8 32. Nd5 Qf3 33. Ne7+ Kh8
34. Re3 Rd1+ 35. Rxd1 Qxd1+ 36. Kg2 Rd7 37. Nc6 Bd6 38. Re8+ Kh7 39. Qf5+ 1-0

[Event "76. LJUBLJANSKA SAHOVSKA LIGA 2024"]
[Site "gostovanja"]
[Date "2024.01.18"]
[Round "1.2"]
[White "Medvesek, Janez"]
[Black "Bajo, Tin"]
[Result "0-1"]
[WhiteElo "1893"]
[BlackElo "1983"]
[PlyCount "48"]
[EventDate "2024.01.18"]
[WhiteTeam "SK ZAGORJE OB SAVI"]
[BlackTeam "SD KOCEVJE"]

1. d4 d5 2. c4 dxc4 3. e3 Nf6 4. Bxc4 e6 5. Nf3 a6 6. a3 Be7 7. Nc3 b5 8. Ba2
Bb7 9. O-O O-O 10. Qe2 Nbd7 11. Rd1 c5 12. Bb1 Qc7 13. h3 Rfd8 14. Bc2 Rac8 15.
Bb3 Ne4 16. Nxe4 Bxe4 17. d5 Bxd5 18. Bxd5 exd5 19. Rxd5 Bf6 20. Rb1 c4 21. Bd2
Nc5 22. Rxd8+ Rxd8 23. Qe1 Nd3 24. Qd1 Bxb2 0-1

[Event "76. LJUBLJANSKA SAHOVSKA LIGA 2024"]
[Site "gostovanja"]
[Date "2024.01.18"]
[Round "1.3"]
[White "Markoja Jeraj, Sebastijan"]
[Black "Veskovic, Dzemal"]
[Result "1-0"]
[WhiteElo "2242"]
[BlackElo "1811"]
[PlyCount "59"]
[EventDate "2024.01.18"]
[WhiteTeam "SK DOL PRI LJUBLJANI"]
[BlackTeam "SD MENGES - TRZIN"]

1. e4 e6 2. d4 d6 3. f4 Be7 4. Nf3 Nd7 5. Nc3 c5 6. Be3 Ngf6 7. Qd2 a6 8. O-O-O
b5 9. dxc5 dxc5 10. e5 Ng4 11. Bg1 O-O 12. h3 Nh6 13. g4 Kh8 14. Bg2 Qc7 15.
Ng5 Rb8 16. Nce4 Nb6 17. Nd6 Nc4 18. Qd3 Bxg5 19. fxg5 Ng8 20. Bh2 Na5 21. Be4
c4 22. Qg3 b4 23. Bxh7 Kxh7 24. Qh4+ Nh6 25. gxh6 gxh6 26. g5 h5 27. Qxh5+ Kg8
28. Ne4 f5 29. Nf6+ Rxf6 30. gxf6 1-0

[Event "76. LJUBLJANSKA SAHOVSKA LIGA 2024"]
[Site "gostovanja"]
[Date "2024.01.18"]
[Round "1.3"]
[White "Sedlar, Tomo"]
[Black "Kampus, Andrej"]
[Result "0-1"]
[WhiteElo "1786"]
[BlackElo "1771"]
[PlyCount "50"]
[EventDate "2024.01.18"]
[WhiteTeam "SD MENGES - TRZIN"]
[BlackTeam "SK DOL PRI LJUBLJANI"]

1. d4 Nf6 2. c4 c5 3. d5 b5 4. cxb5 a6 5. b6 e6 6. Nc3 Nxd5 7. Nxd5 exd5 8.
Qxd5 Nc6 9. Bd2 Be7 10. Bc3 O-O 11. Nf3 Qxb6 12. Rc1 d6 13. a3 Be6 14. Qd2 d5
15. e3 Rfd8 16. Qc2 d4 17. Bd2 dxe3 18. Bxe3 Nd4 19. Nxd4 cxd4 20. Bf4 Rac8 21.
Qd2 Rxc1+ 22. Qxc1 Rc8 23. Qd2 Bf5 24. Bd3 Qe6+ 25. Kf1 g5 0-1

[Event "76. LJUBLJANSKA SAHOVSKA LIGA 2024"]
[Site "gostovanja"]
[Date "2024.01.18"]
[Round "1.3"]
[White "Bandelj, Mirko"]
[Black "Simicak, Metod"]
[Result "1/2-1/2"]
[WhiteElo "1890"]
[BlackElo "1746"]
[PlyCount "67"]
[EventDate "2024.01.18"]
[WhiteTeam "SK DOL PRI LJUBLJANI"]
[BlackTeam "SD MENGES - TRZIN"]

1. e4 e5 2. Nf3 Nf6 3. d4 exd4 4. e5 Qe7 5. Be2 Nd5 6. Qxd4 Qb4+ 7. Bd2 Qxd4 8.
Nxd4 Nc6 9. Nxc6 dxc6 10. O-O Bc5 11. c3 Bf5 12. b4 Be7 13. a3 O-O-O 14. c4 Nb6
15. Be3 f6 16. exf6 Bxf6 17. Ra2 h6 18. a4 Bd4 19. a5 Bxe3 20. fxe3 Bxb1 21.
Rxb1 Nd7 22. c5 Ne5 23. b5 Rd5 24. a6 b6 25. cxb6 cxb6 26. bxc6 Rhd8 27. Rxb6
axb6 28. a7 Kc7 29. a8=Q Rxa8 30. Rxa8 Kxc6 31. Rg8 Rd7 32. Re8 Kd6 33. Bb5 Rc7
34. e4 1/2-1/2

[Event "76. LJUBLJANSKA SAHOVSKA LIGA 2024"]
[Site "gostovanja"]
[Date "2024.01.18"]
[Round "1.4"]
[White "Siraj, Svit"]
[Black "Kirasic, Branko"]
[Result "0-1"]
[WhiteElo "2182"]
[BlackElo "1836"]
[PlyCount "68"]
[EventDate "2024.01.18"]
[WhiteTeam "SD VRHNIKA"]
[BlackTeam "SK VISNJA GORA - STICNA"]

1. e4 e5 2. Nf3 Nc6 3. Nc3 Bc5 4. Nxe5 Nxe5 5. d4 Bd6 6. dxe5 Bxe5 7. f4 Bxc3+
8. bxc3 d6 9. Be3 Qe7 10. Qf3 Nf6 11. Bd3 Bg4 12. Qg3 h5 13. h3 Bd7 14. e5 Nd5
15. Bd2 dxe5 16. fxe5 O-O-O 17. c4 h4 18. Qh2 Nb4 19. O-O Nxd3 20. cxd3 Bc6 21.
Rad1 Rxd3 22. Bb4 Qd7 23. Rxd3 Qxd3 24. Qf4 Qc2 25. Qg4+ Kb8 26. Qxg7 Re8 27.
Be1 Rxe5 28. Bxh4 Re2 29. Rf2 Qxc4 30. Qxf7 Re1+ 31. Kh2 Qxh4 32. Rf4 Rh1+ 33.
Kxh1 Qxh3+ 34. Kg1 Qxg2# 0-1

[Event "76. LJUBLJANSKA SAHOVSKA LIGA 2024"]
[Site "gostovanja"]
[Date "2024.01.18"]
[Round "1.4"]
[White "Lesjak, Damjan"]
[Black "Siraj, Anej"]
[Result "1-0"]
[WhiteElo "1792"]
[BlackElo "2037"]
[PlyCount "79"]
[EventDate "2024.01.18"]
[WhiteTeam "SK VISNJA GORA - STICNA"]
[BlackTeam "SD VRHNIKA"]

1. d4 d5 2. Nf3 e6 3. Bf4 Nf6 4. e3 Be7 5. Bd3 c5 6. dxc5 Bxc5 7. O-O Nc6 8. a3
a5 9. c4 Qe7 10. Bg5 dxc4 11. Bxc4 h6 12. Bxf6 Qxf6 13. Nc3 Qe7 14. Ne4 O-O 15.
Qc2 Ba7 16. Rfd1 e5 17. Nd6 Bg4 18. Qe4 Bxf3 19. gxf3 Rad8 20. Nf5 Qf6 21. Kh1
g6 22. Nxh6+ Kg7 23. Rxd8 Rxd8 24. Nxf7 Rd7 25. h4 Rxf7 26. Bxf7 Qxf7 27. Rg1
Qe6 28. Kh2 Kh6 29. Rg5 Bc5 30. f4 Be7 31. f5 gxf5 32. Rxf5 Qg6 33. h5 Qg7 34.
Qd5 Nd8 35. Kh3 b6 36. Qxe5 Qh7 37. f4 Nf7 38. Qe6+ Kg7 39. Rxf7+ Kg8 40. Rxh7+
1-0

[Event "76. LJUBLJANSKA SAHOVSKA LIGA 2024"]
[Site "gostovanja"]
[Date "2024.01.18"]
[Round "1.5"]
[White "Porenta, Matija"]
[Black "Borstar, Dusan"]
[Result "1/2-1/2"]
[WhiteElo "1775"]
[BlackElo "1691"]
[PlyCount "85"]
[EventDate "2024.01.18"]
[WhiteTeam "SK MEDVODE"]
[BlackTeam "SK LJUBLJANA TAJFUN"]

1. e4 c5 2. Nf3 d6 3. d4 cxd4 4. Nxd4 Nf6 5. Nc3 a6 6. Be2 e6 7. Be3 Qc7 8. Qd2
b5 9. a3 Bb7 10. f3 d5 11. exd5 Nxd5 12. Nxd5 Bxd5 13. O-O Bd6 14. h3 Nd7 15.
Rfc1 Rd8 16. a4 Nb6 17. axb5 Bc4 18. b3 Bh2+ 19. Kh1 e5 20. bxc4 exd4 21. Bxd4
Bf4 22. Qd3 Bxc1 23. Qe4+ Kf8 24. Rxc1 axb5 25. cxb5 Re8 26. Qd3 Kg8 27. c4 Qf4
28. Rd1 Rd8 29. Qc3 Qh6 30. Rd3 Rc8 31. c5 Nd5 32. Qc4 Qe6 33. Bf1 h6 34. Bf2
Ne7 35. Rd6 Qe5 36. Rc6 Qf5 37. Bd3 Qd7 38. g4 Rb8 39. Qb3 Qxc6 40. Be4 Qf6 41.
Bg3 Rc8 42. b6 Rh7 43. Bc7 1/2-1/2

[Event "76. LJUBLJANSKA SAHOVSKA LIGA 2024"]
[Site "gostovanja"]
[Date "2024.01.18"]
[Round "1.5"]
[White "Belyaletdinov, Leonard"]
[Black "Arcon, Roman"]
[Result "1-0"]
[WhiteElo "1581"]
[BlackElo "1545"]
[PlyCount "120"]
[EventDate "2024.01.18"]
[WhiteTeam "SK LJUBLJANA TAJFUN"]
[BlackTeam "SK MEDVODE"]

1. e4 e5 2. Nf3 f5 3. Nxe5 Nf6 4. Be2 d6 5. Bh5+ g6 6. Nxg6 hxg6 7. Bxg6+ Ke7
8. exf5 Bh6 9. b3 Kf8 10. O-O Nbd7 11. f4 b6 12. g4 Nd5 13. Bb2 Bg7 14. Bxg7+
Kxg7 15. g5 Rh4 16. Bh5 Qh8 17. Bf3 c6 18. f6+ Kf8 19. Qe2 N7xf6 20. gxf6 Qxf6
21. Bxd5 cxd5 22. Nc3 Bb7 23. Rf3 d4 24. Ne4 Qg6+ 25. Ng3 Bxf3 26. Qxf3 Re8 27.
f5 Qf6 28. Kh1 d3 29. c3 Qh6 30. Qf2 Re7 31. f6 Rh7 32. Qf3 Qg6 33. Qa8+ Qe8
34. Qd5 Rxh2+ 35. Kg1 Rxd2 36. Qxd6+ Kg8 37. Qd5+ Kh8 38. Qd4 Qf7 39. Re1 Re2
40. Qd8+ Qg8 41. Qxg8+ Kxg8 42. Nxe2 dxe2 43. Rxe2 Rh3 44. c4 Rf3 45. Re8+ Kf7
46. Re7+ Kxf6 47. Rxa7 Ke5 48. Rb7 Rf6 49. Rd7 Ke4 50. Rd5 Ke3 51. c5 bxc5 52.
Rxc5 Kd3 53. a4 Rf4 54. Rb5 Kc3 55. a5 Rf6 56. Rb6 Rf5 57. a6 Ra5 58. b4 Ra4
59. b5 Kc4 60. Rb7 Kc5 1-0

[Event "76. LJUBLJANSKA SAHOVSKA LIGA 2024"]
[Site "gostovanja"]
[Date "2024.01.18"]
[Round "1.5"]
[White "Krupenko, Andrej"]
[Black "Juvan, Vid"]
[Result "0-1"]
[WhiteElo "1297"]
[BlackElo "1517"]
[PlyCount "72"]
[EventDate "2024.01.18"]
[WhiteTeam "SK MEDVODE"]
[BlackTeam "SK LJUBLJANA TAJFUN"]

1. d4 Nf6 2. c4 e6 3. Nc3 Bb4 4. Bd2 c5 5. e3 d6 6. a3 Bxc3 7. Bxc3 Ne4 8. Qc2
Nxc3 9. Qxc3 O-O 10. Nf3 Nc6 11. Rd1 Qf6 12. Be2 e5 13. dxe5 dxe5 14. Rd5 b6
15. Nxe5 Bb7 16. Nf3 Qxc3+ 17. bxc3 Rad8 18. O-O Na5 19. Rfd1 Bxd5 20. cxd5 Nb7
21. Ne5 Rd6 22. Nc6 Na5 23. Nxa7 Ra8 24. Nb5 Rdd8 25. d6 g6 26. Bf3 Rab8 27.
Na7 Rd7 28. Nb5 Rbd8 29. Bg4 f5 30. Bf3 Kf7 31. Bd5+ Kf6 32. Ba2 Nb7 33. f4
Nxd6 34. Nxd6 Rxd6 35. Rc1 Rd1+ 36. Rxd1 Rxd1+ 0-1

[Event "76. LJUBLJANSKA SAHOVSKA LIGA 2024"]
[Site "gostovanja"]
[Date "2024.01.18"]
[Round "1.6"]
[White "Keber, Aljosa"]
[Black "Macek, Inti"]
[Result "1-0"]
[WhiteElo "2061"]
[BlackElo "1408"]
[PlyCount "93"]
[EventDate "2024.01.18"]
[WhiteTeam "SK KOMENDA POPOTNIK"]
[BlackTeam "SK KOMENDA POGI"]

1. e4 e5 2. Nf3 Nc6 3. Bb5 a6 4. Ba4 Nf6 5. O-O d6 6. Re1 Be7 7. Bxc6+ bxc6 8.
d4 exd4 9. Nxd4 Bd7 10. Qf3 c5 11. Nf5 Bxf5 12. exf5 O-O 13. Bg5 h6 14. Bh4 Re8
15. Nc3 Rb8 16. b3 Nd7 17. Bxe7 Rxe7 18. Qd3 a5 19. Nd5 Rxe1+ 20. Rxe1 Ne5 21.
Qg3 c6 22. f6 Qf8 23. Ne7+ Kh7 24. Qxg7+ Qxg7 25. fxg7 Kxg7 26. Nf5+ Kf6 27.
Nxd6 Rd8 28. Ne4+ Kf5 29. c4 Nd3 30. Ng3+ Kf6 31. Rd1 Rd4 32. Ne2 Re4 33. Kf1
Nb4 34. Rd2 Ke7 35. a3 Na6 36. Ng3 Rf4 37. Re2+ Kd7 38. Re5 a4 39. Ne2 Rf6 40.
bxa4 Rd6 41. Ke1 Rg6 42. Nf4 Rg5 43. Rxg5 hxg5 44. Nd3 Ke6 45. Ke2 Kf5 46. Ke3
f6 47. f3 1-0

[Event "76. LJUBLJANSKA SAHOVSKA LIGA 2024"]
[Site "gostovanja"]
[Date "2024.01.18"]
[Round "1.6"]
[White "Zagar, Katarina"]
[Black "Zidar, Jernej"]
[Result "0-1"]
[WhiteElo "1131"]
[BlackElo "2000"]
[PlyCount "58"]
[EventDate "2024.01.18"]
[WhiteTeam "SK KOMENDA POGI"]
[BlackTeam "SK KOMENDA POPOTNIK"]

1. d4 Nf6 2. c4 e6 3. Nf3 d5 4. Nc3 c6 5. e3 Nbd7 6. Qc2 Be7 7. b3 b6 8. Bb2
Bb7 9. cxd5 cxd5 10. Bd3 Rc8 11. a3 O-O 12. O-O Bd6 13. Qd1 Ne4 14. Ne2 Qe7 15.
b4 f5 16. Ne5 Rf6 17. f3 Ng5 18. Kf2 Rh6 19. Rh1 Nf7 20. Nxf7 Qxf7 21. f4 Nf6
22. Nc3 Ng4+ 23. Ke2 Qg6 24. h3 Nf6 25. g4 Ne4 26. Bxe4 dxe4 27. g5 Rh4 28. Ke1
h6 29. gxh6 Qg3+ 0-1

[Event "76. LJUBLJANSKA SAHOVSKA LIGA 2024"]
[Site "gostovanja"]
[Date "2024.01.18"]
[Round "1.6"]
[White "Perme, Martin"]
[Black "Perme, Stanko"]
[Result "1-0"]
[WhiteElo "1812"]
[BlackElo "1056"]
[PlyCount "47"]
[EventDate "2024.01.18"]
[WhiteTeam "SK KOMENDA POPOTNIK"]
[BlackTeam "SK KOMENDA POGI"]

1. e4 d5 2. exd5 Qxd5 3. Nc3 Qa5 4. d4 c6 5. Nf3 Bf5 6. Bf4 e6 7. Bd3 Nf6 8.
Ne5 Ne4 9. O-O Nxc3 10. bxc3 Bg6 11. Rb1 Qxc3 12. Rxb7 Qxd4 13. Nxg6 hxg6 14.
Rxb8+ Rxb8 15. Bxb8 e5 16. Qf3 Qc5 17. Qg4 Be7 18. Qc8+ Bd8 19. Rd1 Qd4 20. Be2
Qb6 21. Qd7+ Kf8 22. Qxd8+ Qxd8 23. Rxd8+ Ke7 24. Rxh8 1-0

[Event "76. LJUBLJANSKA SAHOVSKA LIGA 2024"]
[Site "gostovanja"]
[Date "2024.01.18"]
[Round "1.7"]
[White "Ribicic, Marko"]
[Black "Plaskan, Jure"]
[Result "0-1"]
[WhiteElo "1716"]
[BlackElo "2262"]
[PlyCount "62"]
[EventDate "2024.01.18"]
[WhiteTeam "ZELENCI LPP"]
[BlackTeam "SD DOMZALE"]

1. e3 c5 2. d4 Nf6 3. Nf3 e6 4. c3 Nc6 5. b3 b6 6. Nbd2 Bb7 7. Bb2 cxd4 8. exd4
d5 9. Bd3 Bd6 10. a4 Qe7 11. O-O O-O 12. Re1 Rfe8 13. Nf1 Rac8 14. b4 a5 15. b5
Nb8 16. Ne5 Ne4 17. Rc1 f6 18. Nf3 f5 19. Ng3 Nd7 20. Nd2 Ndf6 21. Ngf1 Bf4 22.
f3 Nxd2 23. Nxd2 Qc7 24. g3 Bxg3 25. hxg3 Qxg3+ 26. Kh1 Ne4 27. Bxe4 dxe4 28.
Re3 exf3 29. Nxf3 f4 30. Rd3 e5 31. dxe5 Rxe5 0-1

[Event "76. LJUBLJANSKA SAHOVSKA LIGA 2024"]
[Site "gostovanja"]
[Date "2024.01.18"]
[Round "1.7"]
[White "Skok, Joze"]
[Black "Novakovic, Gosto"]
[Result "1/2-1/2"]
[WhiteElo "1927"]
[BlackElo "1706"]
[PlyCount "48"]
[EventDate "2024.01.18"]
[WhiteTeam "SD DOMZALE"]
[BlackTeam "ZELENCI LPP"]

1. e4 e5 2. Nf3 Nc6 3. Bb5 d6 4. d4 Bd7 5. O-O Nxd4 6. Nxd4 exd4 7. Bxd7+ Qxd7
8. Qxd4 Ne7 9. Bf4 Nc6 10. Qd5 O-O-O 11. Nc3 Qe6 12. Rfe1 Be7 13. Rad1 Bf6 14.
Qd2 Be5 15. Bg3 h5 16. f4 Bd4+ 17. Bf2 Bxf2+ 18. Qxf2 h4 19. Nd5 Qg4 20. b4 b6
21. a4 h3 22. g3 Rde8 23. a5 Rxe4 24. axb6 axb6 1/2-1/2

[Event "76. LJUBLJANSKA SAHOVSKA LIGA 2024"]
[Site "gostovanja"]
[Date "2024.01.18"]
[Round "1.7"]
[White "Lazarevic, Djordje"]
[Black "Timagina, Sofia"]
[Result "0-1"]
[WhiteElo "1719"]
[BlackElo "1660"]
[PlyCount "88"]
[EventDate "2024.01.18"]
[WhiteTeam "ZELENCI LPP"]
[BlackTeam "SD DOMZALE"]

1. e4 e5 2. Nf3 Nc6 3. Bb5 a6 4. Ba4 Nf6 5. O-O b5 6. Bb3 Be7 7. Re1 d6 8. h3
O-O 9. c3 h6 10. d3 Bb7 11. Nbd2 Na5 12. Bc2 c5 13. Nf1 Nc6 14. Ng3 Re8 15. Be3
a5 16. a3 b4 17. Qd2 Qc7 18. Nf5 Bf8 19. Bb3 Kh7 20. g4 Ng8 21. g5 h5 22. N3h4
g6 23. Ng3 Bc8 24. Kh2 Qd7 25. Ngf5 a4 26. Bd5 bxc3 27. bxc3 Rb8 28. Bxc6 Qxc6
29. Qe2 c4 30. f3 cxd3 31. Qxd3 gxf5 32. exf5 Rb2+ 33. Re2 Ba6 34. g6+ fxg6 35.
fxg6+ Kg7 36. Qf5 Rxe2+ 37. Kg3 Nf6 38. Bg5 Be7 39. Bxf6+ Bxf6 40. Qxh5 Bxh4+
41. Qxh4 Qb7 42. Rb1 Qe7 43. Qh7+ Kf6 44. Qh4+ Kxg6 0-1

[Event "76. LJUBLJANSKA SAHOVSKA LIGA 2024"]
[Site "gostovanja"]
[Date "2024.01.18"]
[Round "1.8"]
[White "Krupenko, Peter"]
[Black "Lanjscek, Miha"]
[Result "1-0"]
[WhiteElo "1974"]
[BlackElo "1745"]
[PlyCount "99"]
[EventDate "2024.01.18"]
[WhiteTeam "SK TRZIN BUSCOTRADE"]
[BlackTeam "SK TRZIN"]

1. Nf3 Nf6 2. g3 c5 3. c4 d5 4. cxd5 Nxd5 5. Bg2 Nc6 6. O-O e6 7. d4 Be7 8. a3
a6 9. dxc5 Bxc5 10. e4 Nf6 11. Qxd8+ Kxd8 12. b4 Ba7 13. Bb2 Ke7 14. Nbd2 b5
15. Rac1 Bb7 16. e5 Nd5 17. Ne4 Rab8 18. Nfg5 Ba8 19. Nc5 Bxc5 20. Rxc5 a5 21.
Rfc1 h6 22. Ne4 axb4 23. axb4 Ncxb4 24. Ba3 Rhd8 25. Rb1 Nd3 26. Rxd5+ b4 27.
Rxd8 Rxd8 28. Bxb4+ Nxb4 29. Rxb4 Rd1+ 30. Bf1 f5 31. exf6+ gxf6 32. Nc3 Rc1
33. Ne2 Ra1 34. Rc4 e5 35. Rc1 Ra3 36. Bg2 Bxg2 37. Kxg2 Ke6 38. g4 e4 39. Rc4
Kd5 40. Rc3 Ra2 41. Re3 Ke5 42. Rxe4+ Kxe4 43. Nc3+ Kf4 44. Nxa2 Kxg4 45. f3+
Kh4 46. Nb4 f5 47. Nd3 Kg5 48. Kg3 h5 49. h4+ Kf6 50. Nf4 1-0

[Event "76. LJUBLJANSKA SAHOVSKA LIGA 2024"]
[Site "gostovanja"]
[Date "2024.01.18"]
[Round "1.8"]
[White "Konvalinka, Kostja"]
[Black "Raspor, Gregor"]
[Result "0-1"]
[WhiteElo "1682"]
[BlackElo "1962"]
[PlyCount "32"]
[EventDate "2024.01.18"]
[WhiteTeam "SK TRZIN"]
[BlackTeam "SK TRZIN BUSCOTRADE"]

1. e4 c6 2. d4 d5 3. Nc3 dxe4 4. Nxe4 Nf6 5. Nxf6+ exf6 6. Nf3 Bd6 7. h3 O-O 8.
Be2 Re8 9. O-O Nd7 10. c3 Nf8 11. Qc2 Be6 12. Be3 Qd7 13. Qd2 Ng6 14. Bd3 Bxh3
15. Bxg6 Bxg2 16. Bh5 Qh3 0-1

[Event "76. LJUBLJANSKA SAHOVSKA LIGA 2024"]
[Site "gostovanja"]
[Date "2024.01.18"]
[Round "1.8"]
[White "Krumpak, Hinko"]
[Black "Banko, Franci"]
[Result "1-0"]
[WhiteElo "2017"]
[BlackElo "1396"]
[PlyCount "67"]
[EventDate "2024.01.18"]
[WhiteTeam "SK TRZIN BUSCOTRADE"]
[BlackTeam "SK TRZIN"]

1. c4 e5 2. Nc3 Nf6 3. g3 Bc5 4. Bg2 O-O 5. a3 Re8 6. b4 Bxf2+ 7. Kxf2 e4 8. e3
d6 9. Nh3 Nc6 10. Rf1 Ne5 11. Kg1 Bg4 12. Qc2 Nf3+ 13. Bxf3 Bxh3 14. Bg2 Bxg2
15. Kxg2 c6 16. Bb2 d5 17. cxd5 cxd5 18. Ne2 Rc8 19. Qb3 Rc4 20. Bxf6 gxf6 21.
Rf5 Re5 22. Raf1 Rxf5 23. Rxf5 Qd6 24. Nf4 Kg7 25. Rxd5 Qc6 26. b5 Qc7 27. Qd1
Qc8 28. Nh5+ Kg6 29. Qf1 Qe6 30. Nf4+ Kg7 31. Nxe6+ fxe6 32. Rd7+ Kg8 33. Qxc4
b6 34. Qc8# 1-0